• 首页
  • 本馆介绍
  • 公告通知
  • 最新文献
  • 馆藏检索
  • 电子资源
  • 读者导购
  • 参考咨询
  • 我的图书馆
  • 登录
  • 详细信息显示
  • 放入我的书架
  • 预约/预借图书
  • 作者相关作品
  • 分类相关作品
  • 丛书相关作品
  • 出版社相关作品

书目信息

  • 表格格式
  • 工作单格式
  • 卡片格式
题名:
转基因棉花
    
 
作者: 贾士荣 郭三堆
分册:  
出版信息: 北京   科学出版社  2001
页数: 281
开本: 26cm
丛书名: 生物高技术丛书
单 册:
中图分类: S562
科图分类:
主题词: 经济作物
电子资源:
ISBN: 7-03-008743-7
000 00604nam0 2200205 450
001 0741144344
005 20070817112544.34
010    @a7-03-008743-7@d¥42.00
100    @a20070817d km y0chiy0120 ea
101 0  @achi
200 1  @a转基因棉花@Azhuan ji yin mian hua@f贾士荣 郭三堆等@Fjia shi rong guo san dui deng
210    @a北京@c科学出版社@d2001
215    @a281@c彩图@d26cm
225 2  @a生物高技术丛书
410  0 @12001 @a生物高技术丛书
606 0  @a经济作物
690    @aS562@v3
701  0 @a贾士荣 郭三堆@Ajia shi rong guo san dui
801  0 @aCN@bPFT@c20070817
905    @a213230@dS562@en1@f1
    
    转基因棉花/贾士荣 郭三堆等.-北京:科学出版社,2001
    281:彩图;26cm.-(生物高技术丛书)
    
    
    ISBN 7-03-008743-7:¥42.00
    
●
相关链接 在E读中查询图书 在五车中查询图书 在当当中查询图书 在豆瓣中查询图书


正题名:转基因棉花     索取号:S562/n1         预约/预借

序号 登录号 条形码 馆藏地/架位号 状态 备注
1 6600621   266006216   密集书库-生命科学系/ [索取号:S562/n1] 在馆    
唐山师范学院图书馆 欢迎您!
大连网信软件有限公司© 版权所有